LEADER 01449nam0 2200301 i 450 001 SUN0020005 005 20160404032558.904 010 $a88-240-0351-6 100 $a20040715d1994 |0itac50 ba 101 $aita 102 $aIT 105 $a||||S ||||| 200 1 $aˆI ‰luoghi della memoria scritta$emanoscritti, incunaboli, libri a stampa di biblioteche statali italiane$fdirezione scientifica: Guglielmo Cavallo 205 $aRoma : Istituto poligrafico e Zecca dello Stato$bLibreria dello Stato$b1994 210 $aXIX$d488 p. : ill. ; 32 cm 215 $aCatalogo della Mostra tenuta a Firenze, Modena, Montecassino, Roma e Venezia nel 1994. 606 $aManoscritti$xSec. 10.-15.$xEsposizioni$x1994$2FI$3SUNC009893 606 $aLibri rari, antichi e di pregio$xSec. 15.-18.$xEsposizioni$x1994$2FI$3SUNC009894 620 $dRoma$3SUNL000360 676 $a091.074$v21 702 1$aCavallo$b, Guglielmo$3SUNV016240 712 $aIstituto poligrafico e Zecca dello Stato$3SUNV000329$4650 801 $aIT$bSOL$c20181109$gRICA 912 $aSUN0020005 950 $aUFFICIO DI BIBLIOTECA DEL DIPARTIMENTO DI LETTERE E BENI CULTURALI$d07 CONS Cb.Cassino 1994b $e07 43 995 $aUFFICIO DI BIBLIOTECA DEL DIPARTIMENTO DI LETTERE E BENI CULTURALI$bIT-CE0103$h43$kCONS Cb.Cassino 1994b$oc$qa 996 $aLuoghi della memoria scritta$9550482 997 $aUNICAMPANIA